00724nam a22002533 450000100060000000300080000600500170001400800410003103500180007203500190009004000260010904100080013508200200014310000330016324500570019626000680025330000200032149000250034165000190036665000200038570000200040575200200042583000250044577405BD-RjUL20211209082952.0200824r19541872enk 000 0  aCD-0000718631 a(BD-RjUL)77630 aBD-RjULbengcBD-RjUL aeng a821.5bPOP 19541 aPope, Alexander,d1688-1744.10aPope Satires and Epistles /cedited by Mark Pattison aOxford :bOxford At the Clarendon Press c1872 [reprinted 1954] a164 p.;c17 cm.1 aSelect works of Pope aEnglish poetry aSatire, English1 aPattison, Mark, aEnglanddOxford 0aSelect works of Pope